| 000 | 01049nam a2200289 a 4500 | ||
|---|---|---|---|
| 001 | 574 | ||
| 003 | BD-RjUL | ||
| 005 | 20211208233212.0 | ||
| 008 | 790502s1979 cou b 000 0 eng | ||
| 020 | _a0891586644 | ||
| 035 | _a(BD-RjUL)592 | ||
| 040 |
_aDLC _cDLC _dDLC _dBD-RjUL _beng |
||
| 041 | _aeng | ||
| 082 | 0 | 0 |
_a016.309230973 _216 _bWIN 1979 |
| 100 | 1 |
_aWilson, David Eugene, _d1939- _91759 |
|
| 245 | 1 | 0 |
_aNational planning in the United States : _ban annotated bibliography / _cDavid E. Wilson. |
| 260 |
_aBoulder, Colo. : _bWestview Press, _cc1979. |
||
| 300 |
_axii, 279 p. ; _c24 cm. |
||
| 490 | 0 | _aWestview special studies in public policy and public systems management | |
| 600 |
_q _9168476 |
||
| 650 |
_a Planning _xBibliography. _9168473 |
||
| 651 | 0 |
_aUnited States _xEconomic policy _xBibliography. _91761 |
|
| 651 | 0 |
_aUnited States _xSocial policy _xBibliography. _91762 |
|
| 830 |
_aWestview special studies in public policy and public systems management _9168477 |
||
| 942 |
_2ddc _cREF |
||
| 999 |
_c574 _d574 |
||